Recommended rent review clauses (Record no. 95467)

MARC details
000 -LEADER
fixed length control field 00474cam a2200193 4500
001 - CONTROL NUMBER
control field D5825
008 - FIXED-LENGTH DATA ELEMENTS--GENERAL INFORMATION
fixed length control field 090401t1984 xxu||||| |||| 00| 0 eng d
035 ## - SYSTEM CONTROL NUMBER
System control number (Sirsi) u71959
041 ## - LANGUAGE CODE
Language code of text/sound track or separate title eng
050 ## - LIBRARY OF CONGRESS CALL NUMBER
Classification number 346.4104344
110 ## - MAIN ENTRY--CORPORATE NAME
Corporate name or jurisdiction name as entry element Incorporated Society of Valuers and Auctioneers
9 (RLIN) 1201
245 ## - TITLE STATEMENT
Title Recommended rent review clauses
260 ## - PUBLICATION, DISTRIBUTION, ETC.
Place of publication, distribution, etc. London
Name of publisher, distributor, etc. ISVA
Date of publication, distribution, etc. 1984
300 ## - PHYSICAL DESCRIPTION
Extent 6p. 21cm
350 ## - PRICE (NR) (BK AM CF MU VM SE) [OBSOLETE]
Price 1
520 ## - SUMMARY, ETC.
Summary, etc. Cover title
942 ## - ADDED ENTRY ELEMENTS (KOHA)
Suppress in OPAC 0
948 ## - LOCAL PROCESSING INFORMATION (OCLC); SERIES PART DESIGNATOR (RLIN)
c (OCLC) 04/03/1997
Holdings
Withdrawn status Lost status Source of classification or shelving scheme Damaged status Not for loan Home library Current library Shelving location Date acquired Cost, normal purchase price Total Checkouts Full call number Barcode Date last seen Copy number Cost, replacement price Price effective from Koha item type
    Dewey Decimal Classification     London London Basement 14/09/1999 1.00   SHELF 327 (PAMPHLET) 30002020 06/08/2019 1 1.00 06/08/2019 Reference material